00488 2200193 4500001002100000005001500021008004100036020001800077035001900095041000700114082001000121090001600131100001600147245004500163260003100208300002600239500001000265650001900275INLIS00000000000220620241224112508241224||||||||| | ||| |||| || |  a979-543-116-1 0010-1224002206 aid0 a610.7 a610.7 KAR m0 aEdy Karsono00aMengenal Kecanduan Narkoba Minuman Keras aBandungbYrama Widyac2004 a120 hlm.:ilus.;19 cm. aCet.1 0aILMU KESEHATAN